Les lacs les plus profonds - Statistiques

Statistiques générales
  • Ce quiz a été pris 50 fois
  • Le résultat moyen est 2 sur 10
Statistiques - réponses
Pays Profondeur (m) Lac % Correct
Russie 1642 Baïkal
100%
Azerbaïdjan, Iran,Kazakhstan, Russie, Turkménistan 1025 Mer Caspienne
59%
Malawi, Mozambique, Tanzanie 706 Malawi
41%
Burundi, RDC, Tanzanie, Zambie 1471 Tanganyika
27%
Canada 614 Grand Lac des Esclaves
2%
Argentine, Chili 836 O'Higgins-San Martin
2%
Antarctique 1000 Vostok
2%
États-Unis 594 Crater Lake
0%
Antarctique 900 Sovetskaïa
0%
Kirghizistan 668 Yssyk Koul
0%
Aucun quiz correspondant
Distribution des résultats
% des personnes avec chaque résultat
Percentile par nombre de réponses
Votre historique - résultats
Vous n’avez pas pris ce quiz